01218nas a22002537a 4500999001700000005001700017007001200034008004100046022001400087040000900101082001500110210002300125245007100148260003800219300001600257310001500273365001600288500049200304650006900796651001600865655002000881856003400901942002900935 c40823d4082320200515140007.0cz aa aaaaa200428c q||poo|||| 00| 0 eng d a2455-6548 coclc a570bJOU/B aInt. J. Biol. Res. aInternational Journal of Biology Researchhe-Journal (Open Access) bGupta PublicationsaDelhi, India  aPDF(online) a Quarterly eOpen Access aInternational Journal of Biology Research publish original research work that contributes significantly to share the scientific knowledge in biotechnology and bioscience research. All manuscripts are subjected to RAPID peer review process and those of high quality (which are not previously published and are not under consideration for publication by another journal) would be published without any delay in subsequent issue. Online submission of the manuscript is strongly recommended. 092322aNatural sciences & mathematicsvLife sciences; biology 092254aIndia 092257ae-Journal uhttp://www.biologyjournal.in/ 2ddccEJh570k570mJOU/B